00258nam a2200097Ia 4500008004100000100000900041245006200050260002400112942000700136999001700143190216s9999||||xx |||||||||||||| ||und|| aNull 0aHindi-Hindi Nadak Mein Patra Kalpana Aur Charitra Chitram bSandhy Pubs.Calicut cBK c17534d17534